Metric Scale quiz - Statistics

General Stats
  • This quiz has been taken 33 times
  • The average score is 13 of 20
Answer Stats
Hint10 Answer % Correct
10^3 Kilo
95%
10^6 Mega
95%
10^-3 Milli
95%
10^-2 Centi
90%
10^-1 Deci
85%
10^9 Giga
85%
10^-6 Micro
85%
10^12 Terra
85%
10^-9 Nano
80%
10^1 Deca
75%
10^2 Hecta
70%
10^-12 Pico
70%
10^-15 Femto
55%
10^15 Peta
50%
10^24 Yotta
40%
10^-21 Zepto
40%
10^18 Exa
35%
10^21 Zetta
35%
10^-24 Yocta
30%
10^-18 Ata
10%
No matching quizzes found
Score Distribution
Percent of People with Each Score
Percentile by Number Answered
Your Score History
You have not taken this quiz